Land surveying measured up and mapped out: an inside view from a surveyor (Record no. 118048)

MARC details
000 -LEADER
fixed length control field 00815cam a2200229 4500
001 - CONTROL NUMBER
control field ABS68235
008 - FIXED-LENGTH DATA ELEMENTS--GENERAL INFORMATION
fixed length control field 040924n2004 000 0 eng u
035 ## - SYSTEM CONTROL NUMBER
System control number (Sirsi) u127512
100 ## - MAIN ENTRY--PERSONAL NAME
Personal name Agar, J.
245 ## - TITLE STATEMENT
Title Land surveying measured up and mapped out: an inside view from a surveyor
260 ## - PUBLICATION, DISTRIBUTION, ETC.
Date of publication, distribution, etc. 2004
490 ## - SERIES STATEMENT
Series statement Geo Informatics
Volume/sequential designation 7(6) September 2004, 6-9(4)
520 ## - SUMMARY, ETC.
Summary, etc. Aims to give a greater insight into the land surveying profession and its activities. Looks at the process of land surveying from data capture through processing, manipulation and analysis to its presentation and archiving.
590 ## - LOCAL NOTE (RLIN)
Local note ABS
590 ## - LOCAL NOTE (RLIN)
Local note ABS
650 ## - SUBJECT ADDED ENTRY--TOPICAL TERM
Topical term or geographic name entry element LAND SURVEYING
650 ## - SUBJECT ADDED ENTRY--TOPICAL TERM
Topical term or geographic name entry element PROFESSIONAL SKILLS
650 ## - SUBJECT ADDED ENTRY--TOPICAL TERM
Topical term or geographic name entry element DATA PROCESSING
650 ## - SUBJECT ADDED ENTRY--TOPICAL TERM
Topical term or geographic name entry element CAREERS
690 ## - LOCAL SUBJECT ADDED ENTRY--TOPICAL TERM (OCLC, RLIN)
Topical term or geographic name as entry element EDUCATION-CAREERS
942 ## - ADDED ENTRY ELEMENTS (KOHA)
Suppress in OPAC 0
Holdings
Withdrawn status Lost status Source of classification or shelving scheme Damaged status Not for loan Home library Current library Shelving location Date acquired Total Checkouts Full call number Barcode Date last seen Copy number Price effective from Koha item type
    Dewey Decimal Classification     London London Journal article 24/09/2004   ABS68235 127512-1001 06/08/2019 1 06/08/2019 Journal article